Top 20 US Metropolitan Statistical Areas by population - Statistics

General Stats
  • This quiz has been taken 6,490 times
  • The average score is 18 of 20
Answer Stats
Largest MSA by Population Answer % Correct
20,140,470 New York City
100%
9,618,502 Chicago
99%
13,200,998 Los Angeles
99%
7,637,387 Dallas
98%
7,149,642 Houston
98%
6,138,333 Miami
98%
4,749,008 San Francisco
97%
4,941,632 Boston
95%
4,018,762 Seattle
95%
6,385,162 Washington DC
94%
6,245,051 Philadelphia
93%
6,089,815 Atlanta
92%
4,845,832 Phoenix
91%
3,298,634 San Diego
90%
4,392,041 Detroit
88%
2,963,821 Denver
87%
3,690,261 Minneapolis
79%
3,175,275 Tampa
74%
2,835,672 Baltimore
73%
4,599,839 Riverside
25%
No matching quizzes found
Score Distribution
Percent of People with Each Score
Percentile by Number Answered
Your Score History
You have not taken this quiz